Karpatský Euroregión - možnosti jeho efektívneho fungovania (na príklade participácie ukrajinskej časti karpatského Euroregiónu)

Gespeichert in:
Bibliographische Detailangaben
1. Verfasser: Gangur, Mykhaylo
Format: Buchkapitel
Sprache:Slowakisch
Tags: Tag hinzufügen
Keine Tags, Fügen Sie das erste Tag hinzu!

MARC

LEADER 00000naa$a2200000$$$4500
001 0051427
005 20240502071612.5
041 0 |a slo 
044 |a SK 
245 1 0 |a Karpatský Euroregión - možnosti jeho efektívneho fungovania  |b (na príklade participácie ukrajinskej časti karpatského Euroregiónu)  |c Mykhaylo Gangur 
100 1 |a Gangur, Mykhaylo